Spievanie - čarovný kľúč k reči

Bibliographic Details
Main Author: Klusová, Nina (Author)
Format: Article
Language:Slovak
PhysicalDescription:Fotogr., obr.
ISSN:1335-0919
Subjects:

MARC

LEADER 00000nab a2200000 ar4500
001 vtls011466512
003 SK-MaSNL
005 20260303194918.0
008 160113c2015 xo mr|p||| |000 b|slo
015 |a SNBRB2016/01 
038 |a SPK 
040 |a SPKCL  |b slo  |c AACR2  |e AACR2 
041 0 |a slo 
044 |a xo  |c SK 
072 7 |a 159.93/.94  |x Senzorické a motorické funkcie. Emócie. Vôľa  |2 konspekt 
072 7 |a 784  |x Vokálna hudba  |2 konspekt 
080 |a 159.946.3-053.2  |2 2001 
080 |a 784.9-055.52  |2 2001 
100 1 |a Klusová, Nina  |4 aut  |9 1104838 
245 1 0 |a Spievanie - čarovný kľúč k reči  |c Nina Klusová 
300 |b Fotogr., obr. 
650 0 7 |a vývoj dieťaťa  |2 snkbucl  |9 67528 
650 0 7 |a vývoj reči  |2 snkbucl  |9 71289 
650 0 7 |a spev  |2 snkbucl  |9 3420 
650 0 7 |a matky  |2 snkbucl  |9 4906 
773 0 |t Dieťa  |g Roč. XXI-XXII, č. 12-1 (2015/2016), s. 18-19  |x 1335-0919 
852 |a SPK  |b KIS3GCP 
856 4 1 |a www.dieta.sk 
999 |c 2160121  |d 2162051